| Tag |
First Indicator |
Second Indicator |
Subfields |
| LEADER |
00000pam a2200000 a 4500 |
| 001 |
in00000099289 |
| 005 |
20150924160138.0 |
| 008 |
810109s1981 flua b 00100 engm |
| 010 |
|
|
|a 81000267
|
| 020 |
|
|
|a 0849361850
|
| 035 |
|
|
|a (OCoLC)07197479
|
| 035 |
|
|
|9 AAL0166AM
|
| 039 |
0 |
|
|a 2
|b 3
|c 3
|d 3
|e 3
|
| 040 |
|
|
|a DLC
|c DLC
|d m.c.
|d TXA
|d UtOrBLW
|
| 049 |
|
|
|a TXAM
|c [933745]
|
| 050 |
0 |
0 |
|a QR185.8 S96
|b S96
|
| 060 |
|
0 |
|a QW 568 S959
|
| 082 |
0 |
|
|a 616.07/9
|2 19
|
| 245 |
0 |
0 |
|a Suppressor cells and their factors /
|c editors, Randall S. Krakauer, John D. Clough.
|
| 264 |
|
1 |
|a Boca Raton, Fla. :
|b CRC Press,
|c [1981]
|
| 264 |
|
4 |
|c ©1981
|
| 300 |
|
|
|a 174 pages :
|b illustrations ;
|c 26 cm.
|
| 336 |
|
|
|a text
|b txt
|2 rdacontent
|
| 337 |
|
|
|a unmediated
|b n
|2 rdamedia
|
| 338 |
|
|
|a volume
|b nc
|2 rdacarrier
|
| 504 |
|
|
|a Includes bibliographical references and index.
|
| 650 |
|
0 |
|a Suppressor cells.
|
| 650 |
|
0 |
|a Lymphokines.
|
| 650 |
|
2 |
|a Immunity, Cellular.
|
| 650 |
|
2 |
|a Suppressor cells
|x immunology.
|
| 700 |
1 |
|
|a Krakauer, Randall S.
|
| 700 |
1 |
|
|a Clough, John D.
|
| 999 |
|
|
|a MARS
|
| 999 |
f |
f |
|s a21c4975-01ec-34f4-88f3-b891e42f17b5
|i f792108a-034d-3973-925f-572578b9c6bc
|t 0
|
| 952 |
f |
f |
|p ric
|a Texas A&M University
|b Rellis Campus
|c Joint Library Facility
|d Remote Storage
|t 0
|e QR185.8 S96 S96
|h Library of Congress classification
|i unmediated -- volume
|m A14806047706
|
| 998 |
f |
f |
|a QR185.8 S96 S96
|t 0
|l Remote Storage
|